Hogares y familias según tipo y ciclo de vida; anexo metodológico /

Se sugieren algunas formas de apoyo al ejercicio de ciertas funciones de los grupos familiares, acordes con el tipo de familia y la etapa del ciclo de vida familiar en el que se encuentran. Sin embargo, definir cuáles son las funciones específicas que se debieran reforzar según tipo y ciclo familiar...

Ամբողջական նկարագրություն

Պահպանված է:
Մատենագիտական մանրամասներ
Հիմնական հեղինակ: Espíndola, Ernesto
Ձևաչափ: Տեքստ
Խորագրեր:
Ցուցիչներ: Ավելացրեք ցուցիչ
Չկան պիտակներ, Եղեք առաջինը, ով նշում է այս գրառումը!

MARC

LEADER 00000 a a2200000 04500
001 17455
003
040
100 |a Espíndola, Ernesto  
245 |a Hogares y familias según tipo y ciclo de vida; anexo metodológico /  |c Ernesto Espíndola 
520 |a Se sugieren algunas formas de apoyo al ejercicio de ciertas funciones de los grupos familiares, acordes con el tipo de familia y la etapa del ciclo de vida familiar en el que se encuentran. Sin embargo, definir cuáles son las funciones específicas que se debieran reforzar según tipo y ciclo familiar, no debe conducir a soslayar la preocupación por las funciones básicas que permiten que las familias puedan sostenerse con el tiempo: acceso a los recursos materiales y cobertura de servicios básicos como vivienda adecuada, salud, educación y seguridad social. El cumplimiento de estas funciones mínimas, de hecho, puede ayudar a ampliar los cauces de movilidad social de las familias y a la construcción de estructuras familiares más democráticas. REV//jmml  
650 |a HOGAR  
650 |a FAMILIA  
650 |a COMPOSICION FAMILIAR  
650 |a METODOLOGIA  
773 |g número 21; páginas 47-51  
999 |c 24783  |d 24783